000 00890nas a2200313 4500
001 BR2011005279
003 BR-BrBNA
005 20231205115602.0
007 ta
008 230509b bl.|||p| |||| 00| 00por d
040 _aBR-BrBNA
_bpor
_cBiblioteca Nacional de Agricultura
041 _a(Pt)
072 _aL70
100 1 _aAfonso, J.A.B.
100 1 _aSouto, R.J.C.
100 1 _aSilva Filho, A.P.
100 1 _aCoutinho, LT.
100 1 _aMendonça, C.L. de
100 1 _aCosta, N. de A.
245 1 _aLuxação sacroilíaca em vaca - relato de caso
650 _aBOVINO
650 _aLUXAÇÃO
650 _aÍLEO
650 _aMANEJO
650 _aRUMINANTE
773 0 _tRevista Brasileira de Medicina Veterinária (Brazil)
_xISSN 0100-2430
_g(Jan-Mar 2011), v. 33(1) p. 29-31
_wBR2011005279
909 _a202311
_bLúcia
_c55
_dLúcia Elande
942 _2AGRIS
_n0
_cANA
999 _c214616
_d214616